00682nam a2200193 a 450000100100000000500170001000800410002704000250006808200150009310000330010824500750014126000340021630000170025050000420026770000400030904900090034995201130035899900170047100001732620200929165101.0100322s19uu ck 000 0 spa d aDO-SdBNPbspacBNPHU axxxbC313o1 aCarrasquilla, Tomás93797810aObras completas /cTomás Carrasquilla ; prólogo Roberto Jaramillo. aBogotá. :bBedout,c[190?]. av. ;c24 cm. aLa bilioteca posee el volumen primero1 aJaramillo, Roberto,epról.937979 aBNPD 001050718MOaGRbGRcCTd2010-03-22iLF1l0oxxx C313op17326-10r2020-06-25w2020-06-25y1ZNo se presta c16851d16851